... Fossil flora of the Gondwana system ... (Record no. 25543)

MARC details
000 -LEADER
fixed length control field 01922cam a22003131 4500
001 - CONTROL NUMBER
control field gs 15000546
003 - CONTROL NUMBER IDENTIFIER
control field DLC
005 - DATE AND TIME OF LATEST TRANSACTION
control field 20260227111318.0
008 - FIXED-LENGTH DATA ELEMENTS--GENERAL INFORMATION
fixed length control field 780411m18631886ii af b f000 0 eng c
010 ## - LIBRARY OF CONGRESS CONTROL NUMBER
LC control number gs 15000546
035 ## - SYSTEM CONTROL NUMBER
System control number (OCoLC)3793903
040 ## - CATALOGING SOURCE
Original cataloging agency U. S. Geological Survey, Library
Transcribing agency GU
Modifying agency GU
-- DLC
042 ## - AUTHENTICATION CODE
Authentication code premarc
050 00 - LIBRARY OF CONGRESS CALL NUMBER
Classification number QE756.I4
Item number A3 ser. 2, 11, 12
110 2# - MAIN ENTRY--CORPORATE NAME
Corporate name or jurisdiction name as entry element Geological Survey of India.
245 10 - TITLE STATEMENT
Title ... Fossil flora of the Gondwana system ...
Statement of responsibility, etc. by T. Oldham ... J. Morris ... [and] Ottokar Feistmantel ...
260 ## - PUBLICATION, DISTRIBUTION, ETC.
Place of publication, distribution, etc. Calcutta,
Name of publisher, distributor, etc. Geological Survey Office [etc., etc.]
Date of publication, distribution, etc. 1863-86.
300 ## - PHYSICAL DESCRIPTION
Extent 4 v.
Other physical details illus., plates (part col., part fold.)
Dimensions 35 cm.
490 0# - SERIES STATEMENT
Series statement Palæontologia indica [ser. 2, 11, 12]
500 ## - GENERAL NOTE
General note At head of title: Memoirs of the Geological Survey of India.
500 ## - GENERAL NOTE
General note Only v. 1, pt. 1. is by T. Oldham and J. Morris, the rest is by O. Feistmantel.
504 ## - BIBLIOGRAPHY, ETC. NOTE
Bibliography, etc. note Contains bibliographies.
505 0# - FORMATTED CONTENTS NOTE
Formatted contents note v. 1. pt. 1. Fossil flora of the Rajmahal series in the Rajmahal hills. 1863. pt. 2. Jurassic (Liassic) flora of the Rajmahal group in the Rajmahal hills. 1877. pt. 3. Jurassic (Liassic) flora of the Rajmahal group from Golapili, near Ellore, South Godavari. 1877. pt. 4. Upper Gondwana flora of the outliers on the Madras coast. 1879.--v. 2. pt. 1. Jurassic (Oolitic) flora of Kach. 1876. pt. 2. Flora of the Jabalpur group (Upper Gondwanas) in theSon-Narbada region. 1877.--v. 3. pt. 1. The flora of the Talchir-Karharbari beds. 1879-81. pt. 2-3. The flora of the Damuda-Panchet divisions. 1880-81.--v. 4. pt. 1. The fossil flora of the South Rewah Gondwána basin. 1882. pt. 2. The fossil flora of some of the coalfields in western Bengal. 1886.
650 #0 - SUBJECT ADDED ENTRY--TOPICAL TERM
Topical term or geographic name entry element Paleobotany
Geographic subdivision India.
650 #0 - SUBJECT ADDED ENTRY--TOPICAL TERM
Topical term or geographic name entry element Paleobotany
Chronological subdivision Jurassic.
700 1# - ADDED ENTRY--PERSONAL NAME
Personal name Oldham, Thomas,
Dates associated with a name 1816-1878.
700 1# - ADDED ENTRY--PERSONAL NAME
Personal name Morris, John,
Dates associated with a name 1810-1886.
700 1# - ADDED ENTRY--PERSONAL NAME
Personal name Feistmantel, Ottokar, 1848-1891.

No items available.

Powered by Koha